Ítems de Minecraft - Construcción (1.21.11) - Estadísticas

Estadísticas generales
  • Esta prueba ha sido intentada 15 veces
  • La puntuación promedio es 28 de 473
Estadísticas de respuestas
Respuesta % Correcto
Bloque de diamante
58%
Bloque de oro
50%
Bloque de hierro
42%
Tablones de abeto
42%
Tablones de acacia
42%
Tablones de roble
42%
Ladrillos
33%
Tablones de abedul
33%
Tablones de jungla
33%
Tablones de roble oscuro
33%
Valla de roble
33%
Bloque de esmeralda
25%
Bloque de hulla
25%
Cristal
25%
Escaleras de acacia
25%
Escaleras de roble
25%
Tablones de cerezo
25%
Tablones de manglar
25%
Valla de abeto
25%
Bloque de cuarzo
17%
Bloque de lapislázuli
17%
Escaleras de abedul
17%
Escaleras de abeto
17%
Escaleras de jungla
17%
Ladrillos de piedra
17%
Losa de abedul
17%
Losa de abeto
17%
Losa de acacia
17%
Losa de cerezo
17%
Losa de jungla
17%
Losa de manglar
17%
Losa de roble
17%
Losa de roble oscuro
17%
Panel de cristal
17%
Piedra lisa
17%
Puerta carmesí
17%
Puerta de abedul
17%
Puerta de abeto
17%
Puerta de acacia
17%
Puerta de bambú
17%
Puerta de cerezo
17%
Puerta deformada
17%
Puerta de hierro
17%
Puerta de jungla
17%
Puerta de manglar
17%
Puerta de roble
17%
Puerta de roble oscuro
17%
Puerta de roble pálido
17%
Tablones carmesíes
17%
Tablones de bambú
17%
Tablones deformados
17%
Tablones de roble pálido
17%
Terracota
17%
Terracota amarrilla
17%
Terracota azul
17%
Terracota blanca
17%
Terracota gris
17%
Terracota gris claro
17%
Terracota magenta
17%
Terracota marrón
17%
Terracota morada
17%
Terracota naranja
17%
Terracota negra
17%
Terracota roja
17%
Terracota rosa
17%
Terracota verde
17%
Terracota verde lima
17%
Valla carmesí
17%
Valla de abedul
17%
Valla de acacia
17%
Valla de bambú
17%
Valla de cerezo
17%
Valla deformada
17%
Valla de jungla
17%
Valla de manglar
17%
Valla de roble oscuro
17%
Valla de roble pálido
17%
Arenisca
8%
Arenisca cincelada
8%
Arenisca lisa
8%
Arenisca roja
8%
Arenisca roja cincelada
8%
Arenisca roja lisa
8%
Bloque de cobre
8%
Bloque de cuarzo liso
8%
Bloque de hueso
8%
Bloque de limo
8%
Cristal tintado de amarillo
8%
Cristal tintado de azul
8%
Cristal tintado de azul claro
8%
Cristal tintado de blanco
8%
Cristal tintado de cian
8%
Cristal tintado de gris
8%
Cristal tintado de gris claro
8%
Cristal tintado de magenta
8%
Cristal tintado de marrón
8%
Cristal tintado de morado
8%
Cristal tintado de naranja
8%
Cristal tintado de negro
8%
Cristal tintado de rojo
8%
Cristal tintado de rosa
8%
Cristal tintado de verde
8%
Cristal tintado de verde lima
8%
Escaleras de arenisca
8%
Escaleras de arenisca lisa
8%
Escaleras de arenisca roja
8%
Escaleras de arenisca roja lisa
8%
Escaleras de cerezo
8%
Escaleras de cuarzo
8%
Escaleras de cuarzo liso
8%
Escaleras de ladrillos
8%
Escaleras de manglar
8%
Escaleras de piedra
8%
Escaleras de roble oscuro
8%
Escotilla de abedul
8%
Escotilla de abeto
8%
Escotilla de acacia
8%
Escotilla de cerezo
8%
Escotilla de jungla
8%
Escotilla de manglar
8%
Escotilla de roble
8%
Escotilla de roble oscuro
8%
Hormigón amarillo
8%
Hormigón azul
8%
Hormigón azul claro
8%
Hormigón blanco
8%
Hormigón cian
8%
Hormigón gris
8%
Hormigón gris claro
8%
Hormigón magenta
8%
Hormigón marrón
8%
Hormigón morado
8%
Hormigón naranja
8%
Hormigón negro
8%
Hormigón rojo
8%
Hormigón rosa
8%
Hormigón verde
8%
Hormigón verde lima
8%
Ladrillos de cuarzo
8%
Ladrillos de piedra agrietados
8%
Ladrillos de piedra cincelados
8%
Ladrillos de piedra musgosa
8%
Losa carmesí
8%
Losa de arenisca
8%
Losa de arenisca lisa
8%
Losa de arenisca roja
8%
Losa de arenisca roja lisa
8%
Losa de bambú
8%
Losa de cuarzo
8%
Losa de cuarzo liso
8%
Losa deformada
8%
Losa de roble pálido
8%
Panel de cristal tintado de amarillo
8%
Panel de cristal tintado de azul
8%
Panel de cristal tintado de azul claro
8%
Panel de cristal tintado de blanco
8%
Panel de cristal tintado de cian
8%
Panel de cristal tintado de gris
8%
Panel de cristal tintado de gris claro
8%
Panel de cristal tintado de magenta
8%
Panel de cristal tintado de marrón
8%
Panel de cristal tintado de morado
8%
Panel de cristal tintado de naranja
8%
Panel de cristal tintado de negro
8%
Panel de cristal tintado de rojo
8%
Panel de cristal tintado de rosa
8%
Panel de cristal tintado de verde
8%
Panel de cristal tintado de verde lima
8%
Pared de granito
8%
Pilar de cuarzo
8%
Polvo de hormigón amarrillo
8%
Polvo de hormigón azul
8%
Polvo de hormigón azul claro
8%
Polvo de hormigón blanco
8%
Polvo de hormigón cian
8%
Polvo de hormigón gris
8%
Polvo de hormigón gris claro
8%
Polvo de hormigón magenta
8%
Polvo de hormigón marrón
8%
Polvo de hormigón morado
8%
Polvo de hormigón naranja
8%
Polvo de hormigón negro
8%
Polvo de hormigón rojo
8%
Polvo de hormigón rosa
8%
Polvo de hormigón verde
8%
Polvo de hormigón verde lima
8%
Puerta de cobre
8%
Puerta de valla carmesí
8%
Puerta de valla de abedul
8%
Puerta de valla de abeto
8%
Puerta de valla de acacia
8%
Puerta de valla de bambú
8%
Puerta de valla de cerezo
8%
Puerta de valla deformada
8%
Puerta de valla de jungla
8%
Puerta de valla de manglar
8%
Puerta de valla de roble
8%
Puerta de valla de roble oscuro
8%
Puerta de valla de roble pálido
8%
Terracota acristalada amarilla
8%
Terracota acristalada azul
8%
Terracota acristalada azul claro
8%
Terracota acristalada blanca
8%
Terracota acristalada cian
8%
Terracota acristalada gris
8%
Terracota acristalada gris claro
8%
Terracota acristalada magenta
8%
Terracota acristalada marrón
8%
Terracota acristalada morada
8%
Terracota acristalada naranja
8%
Terracota acristalada negra
8%
Terracota acristalada roja
8%
Terracota acristalada rosa
8%
Terracota acristalada verde
8%
Terracota acristalada verde lima
8%
Terracota azul claro
8%
Terracota cian
8%
Adoquín
0%
Adoquines musgosos
0%
Alfombra amarilla
0%
Alfombra azul
0%
Alfombra azul claro
0%
Alfombra blanca
0%
Alfombra cian
0%
Alfombra gris
0%
Alfombra gris claro
0%
Alfombra magenta
0%
Alfombra marrón
0%
Alfombra morada
0%
Alfombra naranja
0%
Alfombra negra
0%
Alfombra roja
0%
Alfombra rosa
0%
Alfombra verde
0%
Alfombra verde lima
0%
Andamio
0%
Arenisca cortada
0%
Arenisca roja cortada
0%
Baldosas de pizarra abismal
0%
Baldosas de pizarra abismal agrietadas
0%
Barro compacto
0%
Barrotes de cobre
0%
Barrotes de cobre encerado
0%
Barrotes de cobre erosionado
0%
Barrotes de cobre erosionado encerado
0%
Barrotes de cobre expuesto
0%
Barrotes de cobre expuesto encerado
0%
Barrotes de cobre oxidado
0%
Barrotes de cobre oxidado encerado
0%
Barrotes de hierro
0%
Bloque de algas marinas secas
0%
Bloque de cobre bruto
0%
Bloque de cobre encerado
0%
Bloque de cuarzo cincelado
0%
Bloque de hierro bruto
0%
Bloque de inframundita
0%
Bloque de miel
0%
Bloque de oro bruto
0%
Bloque de panales
0%
Bloque de púrpura
0%
Bloque de resina
0%
Bloques de resina
0%
Bloques de resina cincelados
0%
Bombilla de cobre
0%
Bombilla de cobre encerado
0%
Bombilla de cobre erosionado
0%
Bombilla de cobre erosionado encerado
0%
Bombilla de cobre expuesto
0%
Bombilla de cobre expuesto encerado
0%
Bombilla de cobre oxidado
0%
Bombilla de cobre oxidado encerado
0%
Cobre cincelado
0%
Cobre cincelado encerado
0%
Cobre cincelado erosionado
0%
Cobre cincelado, erosionado y encerado
0%
Cobre cincelado expuesto
0%
Cobre cincelado, expuesto y encerado
0%
Cobre cincelado oxidado
0%
Cobre cincelado, oxidado y encerado
0%
Cobre cortado
0%
Cobre cortado encerado
0%
Cobre cortado erosionado
0%
Cobre cortado, erosionado y encerado
0%
Cobre cortado expuesto
0%
Cobre cortado, expuesto y encerado
0%
Cobre cortado oxidado
0%
Cobre cortado, oxidado y encerado
0%
Cobre erosionado
0%
Cobre erosionado encerado
0%
Cobre expuesto
0%
Cobre expuesto encerado
0%
Cobre oxidado
0%
Cobre oxidado encerado
0%
Cristal pigmentado
0%
Escalera de mano
0%
Escaleras carmesíes
0%
Escaleras de adoquines
0%
Escaleras de adoquines musgosos
0%
Escaleras de andesita
0%
Escaleras de andesita pulida
0%
Escaleras de baldosas de pizarra abismal
0%
Escaleras de bambú
0%
Escaleras de bloques de resina
0%
Escaleras de cobre cortado
0%
Escaleras de cobre cortado encerado
0%
Escaleras de cobre cortado erosionado
0%
Escaleras de cobre cortado, erosionado y encerado
0%
Escaleras de cobre cortado expuesto
0%
Escaleras de cobre cortado, expuesto y encerado
0%
Escaleras de cobre cortado oxidado
0%
Escaleras de cobre cortado, oxidado y encerado
0%
Escaleras de diorita
0%
Escaleras de diorita pulida
0%
Escaleras deformadas
0%
Escaleras de granito
0%
Escaleras de granito pulido
0%
Escaleras de inframundo
0%
Escaleras de Inframundo rojas
0%
Escaleras de ladrillo de rocanegra pulida
0%
Escaleras de ladrillos de barro
0%
Escaleras de ladrillos de piedra
0%
Escaleras de ladrillos de piedra de End
0%
Escaleras de ladrillos de piedra musgosa
0%
Escaleras de ladrillos de pizarra abismal
0%
Escaleras de ladrillos de prismarina
0%
Escaleras de ladrillos de toba volcánica
0%
Escaleras de mosaico de bambú
0%
Escaleras de pizarra abismal empedrada
0%
Escaleras de pizarra abismal pulida
0%
Escaleras de prismarina
0%
Escaleras de prismarina oscura
0%
Escaleras de púrpura
0%
Escaleras de roble pálido
0%
Escaleras de rocanegra
0%
Escaleras de rocanegra pulida
0%
Escaleras de toba volcánica
0%
Escaleras de toba volcánica pulida
0%
Escotilla carmesí
0%
Escotilla de bambú
0%
Escotilla de cobre
0%
Escotilla de cobre encerado
0%
Escotilla de cobre erosionado
0%
Escotilla de cobre erosionado encerado
0%
Escotilla de cobre expuesto
0%
Escotilla de cobre expuesto encerado
0%
Escotilla de cobre oxidado
0%
Escotilla de cobre oxidado encerado
0%
Escotilla deformada
0%
Escotilla de roble pálido
0%
Fardo de heno
0%
Ladrillos de barro
0%
Ladrillos de Inframundo
0%
Ladrillos de Inframundo rojos
0%
Ladrillos del Inframundo agrietados
0%
Ladrillos del Inframundo cincelados
0%
Ladrillos de piedra de End
0%
Ladrillos de pizarra abismal
0%
Ladrillos de pizarra abismal agrietados
0%
Ladrillos de prismarina
0%
Ladrillos de rocanegra agrietada pulida
0%
Ladrillos de rocanegra pulida
0%
Ladrillos de toba volcánica
0%
Ladrillos de toba volcánica cincelada
0%
Lana amarillo
0%
Lana azul
0%
Lana azul claro
0%
Lana blanca
0%
Lana cian
0%
Lana gris
0%
Lana gris claro
0%
Lana magenta
0%
Lana marrón
0%
Lana morada
0%
Lana naranja
0%
Lana negra
0%
Lana roja
0%
Lana rosa
0%
Lana verde
0%
Lana verde lima
0%
Losa de adoquines
0%
Losa de adoquines musgosos
0%
Losa de andesita
0%
Losa de andesita pulida
0%
Losa de arenisca cortada
0%
Losa de arenisca roja cortada
0%
Losa de baldosas de pizarra abismal
0%
Losa de bloques de resina
0%
Losa de cobre cortado
0%
Losa de cobre cortado encerado
0%
Losa de cobre cortado erosionado
0%
Losa de cobre cortado, erosionado y encerado
0%
Losa de cobre cortado expuesto
0%
Losa de cobre cortado, expuesto y encerado
0%
Losa de cobre cortado oxidado
0%
Losa de cobre cortado, oxidado y encerado
0%
Losa de diorita
0%
Losa de diorita pulida
0%
Losa de granito
0%
Losa de granito pulido
0%
Losa de ladrillo de inframundo
0%
Losa de ladrillo de rocanegra pulida
0%
Losa de ladrillos
0%
Losa de ladrillos de barro
0%
Losa de ladrillos de Inframundo rojo
0%
Losa de ladrillos de piedra
0%
Losa de ladrillos de piedra de End
0%
Losa de ladrillos de piedra musgosa
0%
Losa de ladrillos de pizarra abismal
0%
Losa de ladrillos de prismarina
0%
Losa de ladrillos de toba volcánica
0%
Losa de mosaico de bambú
0%
Losa de piedra
0%
Losa de piedra lisa
0%
Losa de pizarra abismal empedrada
0%
Losa de pizarra abismal pulida
0%
Losa de prismarina
0%
Losa de prismarina oscura
0%
Losa de rocanegra
0%
Losa de rocanegra pulida
0%
Losa de toba volcánica
0%
Losa de toba volcánica pulida
0%
Magnetita
0%
Mosaico de bambú
0%
Pared de adoquines
0%
Pared de adoquines musgosa
0%
Pared de andesita
0%
Pared de arenisca
0%
Pared de arenisca roja
0%
Pared de baldosas de pizarra abismal
0%
Pared de bloques de resina
0%
Pared de diorita
0%
Pared de ladrillos
0%
Pared de ladrillos de barro
0%
Pared de ladrillos del Inframundo
0%
Pared de ladrillos del Inframundo rojo
0%
Pared de ladrillos de piedra
0%
Pared de ladrillos de piedra de End
0%
Pared de ladrillos de piedra musgosa
0%
Pared de ladrillos de pizarra abismal
0%
Pared de ladrillos de rocanegra pulida
0%
Pared de ladrillos de toba volcánica
0%
Pared de pizarra abisal pulida
0%
Pared de pizarra abismal empedrada
0%
Pared de prismarina
0%
Pared de rocanegra
0%
Pared de rocanegra pulida
0%
Pared de toba volcánica
0%
Pared de toba volcánica pulida
0%
Pilar de púrpura
0%
Pizarra abismal cincelada
0%
Pizarra abismal empedrada
0%
Prismarina
0%
Prismarina oscura
0%
Puerta de cobre encerado
0%
Puerta de cobre erosionado
0%
Puerta de cobre erosionado encerado
0%
Puerta de cobre expuesto
0%
Puerta de cobre expuesto encerado
0%
Puerta de cobre oxidado
0%
Puerta de cobre oxidado encerado
0%
Rejilla de cobre
0%
Rejilla de cobre encerado
0%
Rejilla de cobre erosionado
0%
Rejilla de cobre erosionado encerado
0%
Rejilla de cobre expuesto
0%
Rejilla de cobre expuesto encerado
0%
Rejilla de cobre oxidado
0%
Rejilla de cobre oxidado encerado
0%
Rocanegra cincelada y pulida
0%
Rocanegra dorada
0%
Toba volcánica cincelada
0%
Valla de inframundo
0%
No se encontraron pruebas coincidentes
Distribución de puntuación
Porcentaje de gente con cada puntuación
Porcentaje por número respondido
Historial de tus puntuaciones
No has intentado esta prueba.